000 01740nam0a2200349 4500
001 RU\NLR\BIBL_A\022765624
005 20260531092044.0
010 _a978-5-209-12567-9
_9500
021 _aRU
_bКН-П-26-005471
_9КН-П-26-0533
035 _a(NLR Aleph) 022765624
090 _a13713847
_c13713847
100 _a20260325d2026 m y0rusy50 ca
101 0 _arus
102 _aRU
105 _aa j 000zy
181 0 _ai3
_baxxe
182 0 _an
200 1 _aКлассификация и систематика животных
_eучебное пособие
_e[для студентов, обучающихся по специальности "Ветеринария" и "Биология"]
_fН. В. Бабичев, Р. В. Рогов
203 _aТекст
_bвизуальный
_cнепосредственный
210 _aМосква
_cРоссийский университет дружбы народов им. Патриса Лумумбы
_d2026
215 _a83, [1] c.
_cил., цв. ил.
_d22
320 _aБиблиогр.: с. 80-81 (12 назв.)
606 1 _aЖивотные
_jУчебные издания для высших учебных заведений
_xКлассификация
_91136894
_3RU\NLR\AUTH\66452157
606 1 _aЖивотные
_jУчебные издания для высших учебных заведений
_xСистематика
_91064721
_3RU\NLR\AUTH\66413702
686 1 _aЕ681.819я731
686 1 _aЕ69я731
700 1 _aБабичев
_bН. В.
_gНиколай Валерьевич
701 1 _aРогов
_bР. В.
_gРоман Васильевич
942 _cBOOK
980 _aNB